[Event "Vesterhavsturneringen 2004"]
[Site "Esbjerg"]
[Date "2004.07.06"]
[Round "5"]
[White "Jensen, Thomas Astrup"]
[Black "Klos, Bjarne"]
[Result "0-1"]
[WhiteElo "1570"]
[BlackElo "1758"]
[PlyCount "90"]
[EventDate "2004.??.??"]
[EventType "swiss"]
[EventRounds "9"]
[EventCountry "DEN"]

1. e4 e6 2. d4 d5 3. exd5 exd5 4. c4 Bb4+ 5. Nc3 Ne7 6. Bd3 dxc4 7. Bxc4 O-O 8.
Nge2 Nbc6 9. a3 Ba5 10. O-O Bb6 11. d5 Ne5 12. Ba2 Bf5 13. Be3 Bxe3 14. fxe3 a6
15. e4 Bg4 16. h3 Bxe2 17. Qxe2 Nc8 18. Rf2 Nd6 19. Raf1 Qe7 20. Nb1 Rae8 21.
Nd2 Ng6 22. Re1 Qe5 23. Qe3 Re7 24. Qb3 Rfe8 25. Nc4 Nxc4 26. Qxc4 Qd6 27. Bb1
Re5 28. Ref1 R8e7 29. Qb3 b6 30. Qc4 a5 31. Qc3 Nf8 32. b4 axb4 33. axb4 Nd7
34. h4 Nf6 35. Rxf6 gxf6 36. g4 Rxe4 37. Bxe4 Rxe4 38. Qf3 Rxb4 39. h5 Rb2 40.
Rf2 Qc5 41. Qxf6 Qxf2+ 42. Qxf2 Rxf2 43. Kxf2 Kg7 44. Kf3 h6 45. Ke4 f6 0-1

[Event "Vesterhavsturneringen 2004"]
[Site "Esbjerg"]
[Date "2004.07.06"]
[Round "5"]
[White "Kaarsberg, Allan"]
[Black "Noe, Martin"]
[Result "1-0"]
[WhiteElo "1766"]
[BlackElo "1506"]
[PlyCount "75"]
[EventDate "2004.??.??"]
[EventType "swiss"]
[EventRounds "9"]
[EventCountry "DEN"]

1. d4 Nf6 2. c4 e6 3. Nf3 b6 4. Nc3 Bb4 5. Bd2 Bb7 6. Ne5 Bxc3 7. bxc3 Ne4 8.
Nf3 O-O 9. Qc2 f5 10. Bf4 Nc6 11. d5 Ne7 12. dxe6 dxe6 13. Rd1 Qe8 14. Bxc7 Rc8
15. Be5 Rxc4 16. e3 Rc8 17. Be2 Qc6 18. c4 Ba6 19. Nd4 Qd7 20. Nxf5 Nd5 21.
Qxe4 Rxf5 22. cxd5 Bxe2 23. Kxe2 Qb5+ 24. Ke1 Rc4 25. Bd4 Qa5+ 26. Kf1 Qxa2 27.
Qxe6+ Rf7 28. f4 Rc2 29. Qg4 Rf2+ 30. Kg1 h5 31. Qg3 Re2 32. h4 Qxd5 33. Kh2
Qf5 34. Rc1 Rc2 35. Qg5 Qe4 36. Rxc2 Qxc2 37. Qxh5 Qc6 38. Qg5 1-0

[Event "Vesterhavsturneringen 2004"]
[Site "Esbjerg"]
[Date "2004.07.06"]
[Round "5"]
[White "Kjaergaard Jensen, Jesper"]
[Black "Munksgaard, Dennis"]
[Result "1/2-1/2"]
[WhiteElo "2124"]
[BlackElo "1846"]
[PlyCount "56"]
[EventDate "2004.??.??"]
[EventType "swiss"]
[EventRounds "9"]
[EventCountry "DEN"]

1. d4 d5 2. Nf3 c6 3. c3 Nf6 4. Bf4 Nbd7 5. Nbd2 e6 6. e3 Be7 7. Bd3 Nf8 8. Ne5
Ng6 9. Ndf3 Nxf4 10. exf4 h6 11. Qe2 a5 12. g4 Qc7 13. g5 Nh5 14. Qe3 hxg5 15.
fxg5 g6 16. Nxg6 fxg6 17. Bxg6+ Kf8 18. Ne5 Kg7 19. Qf3 Qxe5+ 20. dxe5 Kxg6 21.
Qd3+ Kg7 22. g6 Bd7 23. Qe3 c5 24. O-O-O Raf8 25. Kb1 Bc6 26. Rhg1 Rf5 27. Rd2
Rhf8 28. Qh3 Rh8 1/2-1/2

[Event "Vesterhavsturneringen 2004"]
[Site "Esbjerg"]
[Date "2004.07.06"]
[Round "5"]
[White "Knudsen, Michael"]
[Black "Pedersen, Lars Wisler"]
[Result "0-1"]
[WhiteElo "1462"]
[BlackElo "1704"]
[PlyCount "86"]
[EventDate "2004.??.??"]
[EventType "swiss"]
[EventRounds "9"]
[EventCountry "DEN"]

1. e4 c5 2. Nf3 Nc6 3. d4 cxd4 4. Nxd4 e5 5. Nb5 a6 6. Nd6+ Bxd6 7. Qxd6 Qf6 8.
Qxf6 Nxf6 9. Nc3 d5 10. Bd3 d4 11. Ne2 Nb4 12. f4 Bg4 13. Ng3 Rc8 14. fxe5 Nd7
15. Kd2 Nxe5 16. a3 Nexd3 17. axb4 Nxb4 18. c3 dxc3+ 19. bxc3 Rd8+ 20. Ke3 Nc2+
21. Kf4 Nxa1 22. Kxg4 Nb3 23. Ba3 Nd2 24. Nf5 Kd7 25. Rd1 Kc7 26. Bd6+ Rxd6 27.
Nxd6 Kxd6 28. Rxd2+ Kc6 29. e5 Re8 30. Kf5 Re7 31. Rd4 Rd7 32. e6 fxe6+ 33.
Kxe6 Rc7 34. Rb4 a5 35. Rd4 b5 36. Rd6+ Kc5 37. Rd5+ Kc4 38. Rd1 a4 39. Rb1 a3
40. Kd6 Ra7 41. Kc6 a2 42. Ra1 Kxc3 43. Kxb5 Kb2 0-1

[Event "Vesterhavsturneringen 2004"]
[Site "Esbjerg"]
[Date "2004.07.06"]
[Round "5"]
[White "Konradsen, Vagn"]
[Black "Jorgensen, Miki Worm"]
[Result "1/2-1/2"]
[WhiteElo "1196"]
[BlackElo "1333"]
[PlyCount "84"]
[EventDate "2004.??.??"]
[EventType "swiss"]
[EventRounds "9"]
[EventCountry "DEN"]

1. h4 e5 2. e3 Nf6 3. d4 exd4 4. exd4 d5 5. f3 Be6 6. a3 Bd6 7. Ne2 Nc6 8. Bf4
Qd7 9. Nbc3 O-O-O 10. b4 Rde8 11. Nb5 Bxf4 12. Nxf4 Bf5+ 13. Be2 a6 14. Nc3 h6
15. Qd2 Qd6 16. O-O-O a5 17. Nb5 Qd7 18. g4 Bh7 19. g5 Ng8 20. Nd3 Bxd3 21.
Bxd3 axb4 22. axb4 Nge7 23. c3 Nf5 24. Qf4 Nd6 25. Nxd6+ cxd6 26. Bf5 Re6 27.
Bxe6 fxe6 28. Qg4 Nd8 29. Qg2 Qa4 30. Qb2 Rf8 31. Rhf1 h5 32. Rd2 Rf4 33. Qa2
Qc6 34. Rc2 Qb6 35. c4 Qxd4 36. cxd5+ Kd7 37. dxe6+ Nxe6 38. Rd2 Qc3+ 39. Qc2
Qa1+ 40. Qb1 Rc4+ 41. Rc2 Qa3+ 42. Qb2 Qe3+ 1/2-1/2

[Event "Vesterhavsturneringen 2004"]
[Site "Esbjerg"]
[Date "2004.07.06"]
[Round "5"]
[White "Krabbe, Daniel"]
[Black "Jakobsen, Martin Skov"]
[Result "1-0"]
[WhiteElo "2044"]
[BlackElo "2139"]
[PlyCount "91"]
[EventDate "2004.??.??"]
[EventType "swiss"]
[EventRounds "9"]
[EventCountry "DEN"]

1. e4 c5 2. Nf3 d6 3. d4 cxd4 4. Nxd4 Nf6 5. Nc3 a6 6. Be3 e6 7. g4 h6 8. f3
Nc6 9. Qd2 Be7 10. O-O-O Nxd4 11. Bxd4 b5 12. Kb1 Bb7 13. h4 Qa5 14. Bg2 b4 15.
Ne2 e5 16. g5 Nd7 17. Be3 Nb6 18. b3 h5 19. f4 O-O-O 20. f5 f6 21. Ng3 Na8 22.
c4 bxc3 23. Rc1 Kb8 24. Rxc3 Qb5 25. Rhc1 d5 26. a4 Qd7 27. exd5 Bb4 28. Qf2
Bxd5 29. Rd3 Qb7 30. Bxd5 Rxd5 31. Ba7+ Qxa7 32. Qxa7+ Kxa7 33. Rxd5 Nb6 34.
Rd3 fxg5 35. hxg5 h4 36. Rh1 Bc5 37. a5 Nc8 38. Rd7+ Kb8 39. Ne4 Bd4 40. Rxg7
h3 41. f6 Be3 42. f7 Rf8 43. Rxh3 Bf4 44. g6 Ne7 45. Rg8 Nxg8 46. Rh8 1-0

[Event "Vesterhavsturneringen 2004"]
[Site "Esbjerg"]
[Date "2004.07.06"]
[Round "5"]
[White "Haagen Larsen, Hans"]
[Black "Carlstedt, Jonathan"]
[Result "0-1"]
[WhiteElo "1714"]
[BlackElo "2009"]
[PlyCount "90"]
[EventDate "2004.??.??"]
[EventType "swiss"]
[EventRounds "9"]
[EventCountry "DEN"]

1. d4 d5 2. Nf3 c5 3. c3 Nc6 4. Bf4 e6 5. Nbd2 Nf6 6. e3 Bd7 7. Be2 c4 8. Ne5
b5 9. O-O a5 10. g4 Be7 11. Qc2 h6 12. Bg3 Rg8 13. f4 g6 14. g5 Nh7 15. Ndf3
hxg5 16. Nxc6 Bxc6 17. Ne5 Bb7 18. fxg5 Nxg5 19. h4 f5 20. hxg5 Bxg5 21. Rf3
Bh4 22. Kf2 Qf6 23. Rg1 O-O-O 24. a4 Bxg3+ 25. Rfxg3 g5 26. axb5 f4 27. Rf3
fxe3+ 28. Kxe3 Qh6 29. Nf7 Qh2 30. Rxg5 Rxg5 31. Nxg5 Qg1+ 32. Kd2 Qxg5+ 33.
Re3 Rh8 34. Qd1 Rh3 35. Qg1 Qxg1 36. Rxh3 Qg5+ 37. Kd1 Qf5 38. Rh8+ Kc7 39. Ke1
Qb1+ 40. Kf2 Qxb2 41. Re8 Qxb5 42. Rxe6 a4 43. Bg4 a3 44. Re7+ Kb6 45. Re6+ Ka7
0-1

[Event "Vesterhavsturneringen 2004"]
[Site "Esbjerg"]
[Date "2004.07.06"]
[Round "5"]
[White "Larsen, Peter Elkjaer"]
[Black "Nielsen, Henrik Lindholt"]
[Result "1/2-1/2"]
[WhiteElo "1901"]
[BlackElo "1839"]
[PlyCount "44"]
[EventDate "2004.??.??"]
[EventType "swiss"]
[EventRounds "9"]
[EventCountry "DEN"]

1. e4 c5 2. Nf3 Nc6 3. d4 cxd4 4. Nxd4 e5 5. Nb5 a6 6. Nd6+ Bxd6 7. Qxd6 Qf6 8.
Qd1 Qg6 9. Nc3 Nge7 10. g3 d5 11. exd5 Nd4 12. Bd3 Bf5 13. Bxf5 Qxf5 14. O-O
Rd8 15. f4 Qxc2 16. Qg4 Qg6 17. Qxg6 hxg6 18. fxe5 Nxd5 19. Bg5 Rd7 20. Ne4 O-O
21. Rad1 Ne6 22. Rd3 Nxg5 1/2-1/2

[Event "Vesterhavsturneringen 2004"]
[Site "Esbjerg"]
[Date "2004.07.06"]
[Round "5"]
[White "Lindgaard, Tobias Simon"]
[Black "Thogersen, Egon"]
[Result "1-0"]
[WhiteElo "1000"]
[BlackElo "1000"]
[PlyCount "53"]
[EventDate "2004.??.??"]
[EventType "swiss"]
[EventRounds "9"]
[EventCountry "DEN"]

1. Nf3 d5 2. d4 Nf6 3. c4 e6 4. Nc3 c6 5. c5 Nbd7 6. b4 b6 7. Na4 g6 8. g3 b5
9. Nc3 Bg7 10. Bg2 O-O 11. Bg5 Re8 12. e4 dxe4 13. Nxe4 a5 14. O-O axb4 15. Ne5
Qc7 16. f4 Nxe4 17. Bxe4 f6 18. Ng4 fxg5 19. fxg5 e5 20. Qf3 Bb7 21. Qf7+ Kh8
22. Nf6 Red8 23. Rab1 Qc8 24. Nxh7 exd4 25. Qxg6 Nxc5 26. Nf8 Rxf8 27. Qh7# 1-0

[Event "Vesterhavsturneringen 2004"]
[Site "Esbjerg"]
[Date "2004.07.06"]
[Round "5"]
[White "Munch, Anders J"]
[Black "Kristensen, Jens"]
[Result "1-0"]
[WhiteElo "1840"]
[BlackElo "1689"]
[PlyCount "53"]
[EventDate "2004.??.??"]
[EventType "swiss"]
[EventRounds "9"]
[EventCountry "DEN"]

1. d4 c5 2. d5 d6 3. e4 Nf6 4. Nc3 g6 5. f4 e6 6. dxe6 Bxe6 7. Nf3 Nc6 8. Be2
Bg7 9. Ng5 Qd7 10. Nb5 Rd8 11. Nxe6 fxe6 12. Nc3 O-O 13. O-O Nd4 14. Bd3 a6 15.
Be3 Nc6 16. a3 b5 17. e5 Nd5 18. Nxd5 exd5 19. f5 gxf5 20. Qh5 Ne7 21. Bg5 Bxe5
22. Bxe7 Qxe7 23. Bxf5 Rf7 24. Rf3 Rdf8 25. Raf1 a5 26. Bxh7+ Rxh7 27. Rxf8+
1-0

[Event "Vesterhavsturneringen 2004"]
[Site "Esbjerg"]
[Date "2004.07.06"]
[Round "5"]
[White "Nielsen, Marianne Izaura"]
[Black "Nielsen, Jorgen Kamp"]
[Result "1-0"]
[WhiteElo "1617"]
[BlackElo "1291"]
[PlyCount "61"]
[EventDate "2004.??.??"]
[EventType "swiss"]
[EventRounds "9"]
[EventCountry "DEN"]

1. e4 Nf6 2. e5 Nd5 3. d4 d6 4. c4 Nb6 5. Bd3 g6 6. Nf3 Bg7 7. O-O Bg4 8. Re1
O-O 9. h3 Bxf3 10. Qxf3 c6 11. Bg5 Nc8 12. Nc3 f6 13. exf6 exf6 14. Be3 Ne7 15.
Rab1 a5 16. Bf4 Qd7 17. Qg3 Nc8 18. d5 Na6 19. Re2 Nc5 20. Rbe1 Kf7 21. Ne4
Nxd3 22. Qxd3 Re8 23. Nxf6 Rxe2 24. Nxd7 Rxe1+ 25. Kh2 Ke7 26. Bg5+ Kxd7 27.
Qb3 b6 28. dxc6+ Kxc6 29. Qf3+ Kd7 30. Qxa8 Bxb2 31. Qb7+ 1-0

[Event "Vesterhavsturneringen 2004"]
[Site "Esbjerg"]
[Date "2004.07.06"]
[Round "5"]
[White "Nielsen, Nicholas Roland"]
[Black "Nielsen, Erling Moller"]
[Result "1/2-1/2"]
[WhiteElo "2176"]
[BlackElo "2034"]
[PlyCount "31"]
[EventDate "2004.??.??"]
[EventType "swiss"]
[EventRounds "9"]
[EventCountry "DEN"]

1. e4 e6 2. d4 d5 3. Nc3 Bb4 4. e5 c5 5. a3 Bxc3+ 6. bxc3 Ne7 7. Qg4 cxd4 8.
cxd4 Qc7 9. Bd2 Qxc2 10. Bb5+ Bd7 11. Bxd7+ Nxd7 12. Ne2 Qg6 13. Qh3 Nc6 14.
O-O O-O 15. Be3 Nb6 16. Nf4 1/2-1/2

[Event "Vesterhavsturneringen 2004"]
[Site "Esbjerg"]
[Date "2004.07.06"]
[Round "5"]
[White "Pedersen, Christian Kyndel"]
[Black "Svensson, Sven"]
[Result "1-0"]
[WhiteElo "2366"]
[BlackElo "2117"]
[PlyCount "145"]
[EventDate "2004.??.??"]
[EventType "swiss"]
[EventRounds "9"]
[EventCountry "DEN"]

1. Nf3 Nf6 2. c4 e6 3. Nc3 Bb4 4. Qc2 O-O 5. a3 Bxc3 6. Qxc3 b6 7. e3 Bb7 8. b4
a5 9. Bb2 axb4 10. axb4 Rxa1+ 11. Bxa1 c5 12. b5 d6 13. Be2 Nbd7 14. O-O Qe7
15. Bb2 Ra8 16. Ra1 Qd8 17. Qc1 Rxa1 18. Qxa1 Qa8 19. Qxa8+ Bxa8 20. d3 Kf8 21.
Nd2 Ke7 22. Nb1 Bb7 23. Nc3 Ne8 24. Na4 f6 25. e4 g6 26. f4 Nc7 27. Bf3 Ne8 28.
Kf2 Nc7 29. Ke3 d5 30. exd5 exd5 31. d4 Kd6 32. g3 Ne6 33. Ba1 Ba8 34. Bb2 Nc7
35. Ba3 dxc4 36. dxc5+ bxc5 37. Bxa8 Nxa8 38. Nxc5 Ndb6 39. Kd4 h5 40. Bb4 Kc7
41. Ne6+ Kb7 42. Ba5 g5 43. fxg5 fxg5 44. Nxg5 Nc7 45. Kc5 c3 46. Bxc3 Na4+ 47.
Kb4 Nxc3 48. Kxc3 Nxb5+ 49. Kd3 Kc7 50. Ke4 Kd7 51. Kf5 Ke7 52. Nf3 Kf7 53. Kg5
Nd6 54. Kxh5 Kg7 55. Kg5 Ne4+ 56. Kf4 Nf6 57. g4 Nd5+ 58. Kg5 Nc3 59. h4 Ne4+
60. Kf5 Nd6+ 61. Kf4 Nc4 62. Ne5 Nd6 63. g5 Nb5 64. h5 Nd4 65. Nf3 Ne6+ 66. Kf5
Nc5 67. Nd4 Nd7 68. Ne6+ Kh7 69. g6+ Kg8 70. h6 Nb6 71. h7+ Kh8 72. Ng5 Nd5 73.
Nf7+ 1-0

[Event "Vesterhavsturneringen 2004"]
[Site "Esbjerg"]
[Date "2004.07.06"]
[Round "5"]
[White "Pedersen, Jan"]
[Black "Porsgaard, Per Lykke"]
[Result "0-1"]
[WhiteElo "2393"]
[BlackElo "1462"]
[PlyCount "80"]
[EventDate "2004.??.??"]
[EventType "swiss"]
[EventRounds "9"]
[EventCountry "DEN"]

1. Nf3 c5 2. c4 Nc6 3. Nc3 g6 4. d4 cxd4 5. Nxd4 Bg7 6. Nxc6 bxc6 7. Qc2 Nf6 8.
e4 d6 9. Be2 O-O 10. O-O Ng4 11. h3 Ne5 12. Be3 Ba6 13. b3 Qa5 14. Rac1 Nd7 15.
Na4 c5 16. Rcd1 Ne5 17. Bd2 Qc7 18. Nc3 Nc6 19. Nd5 Qb7 20. f4 Nd4 21. Qd3
Nxe2+ 22. Qxe2 e6 23. Nc3 Bd4+ 24. Kh2 d5 25. exd5 exd5 26. Qf3 dxc4 27. Qxb7
Bxb7 28. Nb5 cxb3 29. Nxd4 cxd4 30. axb3 Rfe8 31. Ba5 Re2 32. Rg1 Rc8 33. Rxd4
Rcc2 34. Kg3 h6 35. Kh4 Rxg2 36. Rxg2 Rxg2 37. Rd8+ Kh7 38. Rd3 Be4 39. Rg3 Rf2
40. Kg4 f5+ 0-1

[Event "Vesterhavsturneringen 2004"]
[Site "Esbjerg"]
[Date "2004.07.06"]
[Round "5"]
[White "Poulsen, Iver"]
[Black "Bach, Matthias"]
[Result "1-0"]
[WhiteElo "2084"]
[BlackElo "2354"]
[PlyCount "135"]
[EventDate "2004.??.??"]
[EventType "swiss"]
[EventRounds "9"]
[EventCountry "DEN"]

1. e4 c5 2. Nf3 Nf6 3. Nc3 d5 4. exd5 Nxd5 5. Bb5+ Bd7 6. Ne5 Nf6 7. Nxd7 Nbxd7
8. d4 a6 9. Bxd7+ Nxd7 10. d5 g6 11. Bg5 Bg7 12. O-O f6 13. Bf4 O-O 14. Qe2 Re8
15. Qe6+ Kh8 16. Rad1 Nf8 17. Qe3 Rc8 18. Rfe1 Qd7 19. Bh6 b6 20. h3 Rcd8 21.
Bxg7+ Kxg7 22. a4 a5 23. Qf4 g5 24. Qg3 Ng6 25. Re4 h6 26. Rde1 Qf5 27. Nb5 Rd7
28. c4 Rc8 29. b3 h5 30. Qe3 Ne5 31. Nc3 Rg8 32. f4 gxf4 33. Rxf4 Qd3 34. Re4
Qxe3+ 35. R4xe3 Kf7 36. Rf1 Ng6 37. Re6 Rb8 38. Ne4 Nf8 39. Re5 Kg6 40. Ref5
Nh7 41. h4 Rh8 42. Ng3 Nf8 43. Re1 Rh7 44. Kf2 Rd8 45. Rf3 Nd7 46. Re6 Ne5 47.
Rf5 Rd6 48. Rfxf6+ exf6 49. Rxd6 Ng4+ 50. Kf3 Rb7 51. Re6 Ne5+ 52. Ke4 Rb8 53.
Nf5 Ng4 54. Nd6 Nf2+ 55. Ke3 Ng4+ 56. Kf4 Rd8 57. Nf5 Kf7 58. Rxb6 Ne5 59. Rb7+
Kf8 60. Ng7 Ng6+ 61. Kg3 Rc8 62. Nxh5 f5 63. Nf4 Ne5 64. Ne6+ Kg8 65. h5 Kh8
66. Kf4 Ng4 67. Rd7 Nh6 68. Rd8+ 1-0

[Event "Vesterhavsturneringen 2004"]
[Site "Esbjerg"]
[Date "2004.07.06"]
[Round "5"]
[White "Rasmussen, Kasper Ammitzboll"]
[Black "Hagesaether, Torill"]
[Result "1/2-1/2"]
[WhiteElo "1896"]
[BlackElo "1980"]
[PlyCount "34"]
[EventDate "2004.??.??"]
[EventType "swiss"]
[EventRounds "9"]
[EventCountry "DEN"]

1. d4 d5 2. Nf3 Bf5 3. c4 e6 4. Nc3 c6 5. g3 h6 6. Bg2 Bd6 7. O-O Nf6 8. Re1
O-O 9. cxd5 exd5 10. Bf4 Bxf4 11. gxf4 Ne4 12. Nxe4 Bxe4 13. Nd2 Bxg2 14. Kxg2
Qh4 15. e3 Nd7 16. Qf3 Rfe8 17. Qh3 Qxh3+ 1/2-1/2

[Event "Vesterhavsturneringen 2004"]
[Site "Esbjerg"]
[Date "2004.07.06"]
[Round "5"]
[White "Rendboe, John Filip"]
[Black "Andersen, Morten"]
[Result "0-1"]
[WhiteElo "2235"]
[BlackElo "2111"]
[PlyCount "82"]
[EventDate "2004.??.??"]
[EventType "swiss"]
[EventRounds "9"]
[EventCountry "DEN"]

1. d4 Nf6 2. c4 e6 3. Nc3 Bb4 4. e3 O-O 5. Bd3 d5 6. a3 Bxc3+ 7. bxc3 c5 8. Nf3
Nc6 9. O-O Qc7 10. cxd5 exd5 11. h3 Re8 12. Bb2 c4 13. Bc2 b5 14. Nd2 a5 15.
Re1 Bb7 16. f3 Re7 17. e4 Nxd4 18. cxd4 c3 19. e5 cxb2 20. Rb1 Nh5 21. Nb3 b4
22. axb4 a4 23. Na5 a3 24. Qd3 g6 25. Ba4 Qb6 26. Qxa3 Qxd4+ 27. Kh1 Qh4 28.
Qxb2 Rxa5 29. bxa5 Qxa4 30. Ra1 Qh4 31. Qa2 Qg3 32. a6 Ba8 33. Rec1 Qxe5 34.
Re1 Ng3+ 35. Kg1 Ne2+ 36. Qxe2 Qxe2 37. Rxe2 Rxe2 38. Rb1 Re8 39. a7 Kf8 40.
Rb8 Ke7 41. Kf2 Kd7 0-1

[Event "Vesterhavsturneringen 2004"]
[Site "Esbjerg"]
[Date "2004.07.06"]
[Round "5"]
[White "Rewitz, Poul"]
[Black "Bernhardsson, Sten"]
[Result "1-0"]
[WhiteElo "2255"]
[BlackElo "2115"]
[PlyCount "93"]
[EventDate "2004.??.??"]
[EventType "swiss"]
[EventRounds "9"]
[EventCountry "DEN"]

1. g3 d5 2. Bg2 Nf6 3. f4 g6 4. Nf3 Bg7 5. O-O O-O 6. d3 d4 7. Nbd2 c5 8. Ne4
Nbd7 9. Rb1 Nd5 10. Bd2 N7f6 11. Nxf6+ Bxf6 12. Qe1 b6 13. c4 dxc3 14. bxc3 Bb7
15. Ne5 Rb8 16. c4 Nc7 17. Nc6 Bxc6 18. Bxc6 Ne6 19. Be4 Qd7 20. e3 Rbd8 21. g4
Rfe8 22. Qg3 Bg7 23. Rf2 Nf8 24. Rbf1 e6 25. g5 b5 26. Qf3 Rc8 27. Bb7 Rc7 28.
Ba6 Qxd3 29. Ba5 Rce7 30. Bxb5 Rb8 31. Rd2 Qa3 32. Bd8 Reb7 33. e4 Qxf3 34.
Rxf3 Bd4+ 35. Rxd4 cxd4 36. Bf6 a6 37. Bxa6 Rb1+ 38. Rf1 d3 39. Bb5 R1xb5 40.
cxb5 Rxb5 41. Rd1 Ra5 42. Rxd3 Rxa2 43. Rd8 Ra7 44. Re8 Rd7 45. Be7 Rxe7 46.
Rxe7 Kg7 47. Kf2 1-0

[Event "Vesterhavsturneringen 2004"]
[Site "Esbjerg"]
[Date "2004.07.06"]
[Round "5"]
[White "Skovgaard, Peter Nicolai"]
[Black "Hartvig, Ove Weiss"]
[Result "1/2-1/2"]
[WhiteElo "2045"]
[BlackElo "2212"]
[PlyCount "54"]
[EventDate "2004.??.??"]
[EventType "swiss"]
[EventRounds "9"]
[EventCountry "DEN"]

1. e4 d5 2. exd5 Nf6 3. Bb5+ Bd7 4. Be2 Nxd5 5. d4 g6 6. c4 Nf6 7. Nf3 Bg7 8.
Nc3 O-O 9. h3 Bf5 10. Be3 Ne4 11. Qb3 Nxc3 12. bxc3 b6 13. O-O Nc6 14. Nd2 e5
15. dxe5 Nxe5 16. Rad1 Qe7 17. Nf3 Be4 18. Nxe5 Bxe5 19. Bd3 Bc6 20. Rfe1 Qf6
21. Bd4 Rfe8 22. Be4 Bxd4 23. Rxd4 Rad8 24. Rxd8 Qxd8 25. Rd1 Qf6 26. Bxc6 Qxc6
27. Qb5 Qxb5 1/2-1/2

[Event "Vesterhavsturneringen 2004"]
[Site "Esbjerg"]
[Date "2004.07.06"]
[Round "5"]
[White "Sorensen, Carsten Klint"]
[Black "Sig, Preben"]
[Result "0-1"]
[WhiteElo "1707"]
[BlackElo "1800"]
[PlyCount "108"]
[EventDate "2004.??.??"]
[EventType "swiss"]
[EventRounds "9"]
[EventCountry "DEN"]

1. e4 Nf6 2. Bc4 Nxe4 3. Bxf7+ Kxf7 4. Qh5+ g6 5. Qd5+ e6 6. Qxe4 Bg7 7. d4 Rf8
8. Nf3 d5 9. Qd3 Kg8 10. Be3 c5 11. c3 cxd4 12. Bxd4 e5 13. Nxe5 Re8 14. f4 Nc6
15. Qe3 Qc7 16. O-O Nxe5 17. fxe5 Bxe5 18. Bxe5 Rxe5 19. Qf4 Qc5+ 20. Kh1 Rf5
21. Qc1 Rxf1+ 22. Qxf1 Bd7 23. Nd2 Rf8 24. Nf3 Bg4 25. Re1 d4 26. cxd4 Qd5 27.
b3 Bxf3 28. gxf3 Rxf3 29. Qg2 Kf8 30. b4 g5 31. Kg1 Qxd4+ 32. Kh1 Qf2 33. Qxf2
Rxf2 34. Rc1 Kf7 35. a4 Ke6 36. Rc7 Rf7 37. Rc5 h6 38. Kg2 Kd6 39. Kg3 Rf4 40.
Rb5 b6 41. a5 Kc6 42. Re5 Rxb4 43. axb6 Rxb6 44. Kg4 Kd6 45. Ra5 Rb4+ 46. Kh5
Rh4+ 47. Kg6 Rxh2 48. Rxa7 g4 49. Kf5 h5 50. Ra3 Rh3 51. Ra1 g3 52. Rg1 h4 53.
Kf4 Rh2 54. Kg4 g2 0-1

[Event "Vesterhavsturneringen 2004"]
[Site "Esbjerg"]
[Date "2004.07.06"]
[Round "5"]
[White "Sorensen, Jorn Lindved"]
[Black "Madsen, Svend"]
[Result "0-1"]
[WhiteElo "1784"]
[BlackElo "1502"]
[PlyCount "52"]
[EventDate "2004.??.??"]
[EventType "swiss"]
[EventRounds "9"]
[EventCountry "DEN"]

1. d4 f5 2. Nf3 Nf6 3. g3 e6 4. Bg2 Be7 5. O-O O-O 6. c4 d5 7. cxd5 exd5 8. Ne5
c6 9. Nc3 Ne4 10. f3 Nxc3 11. bxc3 Nd7 12. Qb3 Nxe5 13. dxe5 Qb6+ 14. Kh1 Qxb3
15. axb3 Be6 16. Ba3 Bxa3 17. Rxa3 f4 18. gxf4 Rxf4 19. e3 Rf7 20. b4 a6 21.
Rf2 Raf8 22. Ra1 Rf5 23. f4 Rxe5 24. Re2 Rxf4 25. Rae1 Rc4 26. e4 Rxc3 0-1

[Event "Vesterhavsturneringen 2004"]
[Site "Esbjerg"]
[Date "2004.07.06"]
[Round "5"]
[White "Storgaard, Morten Swayne"]
[Black "Rosenberg, Jan"]
[Result "0-1"]
[WhiteElo "1505"]
[BlackElo "1786"]
[PlyCount "58"]
[EventDate "2004.??.??"]
[EventType "swiss"]
[EventRounds "9"]
[EventCountry "DEN"]

1. d4 Nf6 2. c4 c5 3. d5 b5 4. b3 bxc4 5. bxc4 g6 6. Bb2 d6 7. e4 Nbd7 8. Bd3
Bg7 9. Nf3 O-O 10. Nbd2 Rb8 11. Bc3 Nh5 12. Bxg7 Kxg7 13. O-O Qa5 14. Re1 Qc3
15. Nb3 Qf6 16. Rb1 Ne5 17. Nxe5 Qxe5 18. Qf3 Qg5 19. h3 Nf4 20. Kh1 Qh4 21.
Bf1 Qf6 22. Na5 Bd7 23. Rb3 Rb6 24. Reb1 Rfb8 25. Kh2 Qe5 26. g3 Rxb3 27. Rxb3
Rxb3 28. Qxb3 Qa1 29. Bg2 Ne2 0-1

[Event "Vesterhavsturneringen 2004"]
[Site "Esbjerg"]
[Date "2004.07.06"]
[Round "5"]
[White "Sulypa, Alexandre"]
[Black "Sedlak, Nikola"]
[Result "1/2-1/2"]
[WhiteElo "2469"]
[BlackElo "2519"]
[PlyCount "156"]
[EventDate "2004.??.??"]
[EventType "swiss"]
[EventRounds "9"]
[EventCountry "DEN"]

1. d4 d5 2. c4 c6 3. Nf3 Nf6 4. Nc3 a6 5. c5 Nbd7 6. Bf4 Nh5 7. Be3 g6 8. g4
Nhf6 9. h3 Bg7 10. Bg2 h5 11. g5 Nh7 12. O-O O-O 13. Qd2 e5 14. Nxe5 Nxe5 15.
dxe5 Bxe5 16. f4 Bxc3 17. Qxc3 Bf5 18. Bd4 f6 19. h4 Qe7 20. Rae1 Rae8 21. Qg3
Qe6 22. Kh2 Qd7 23. Qc3 Re6 24. e3 Qc7 25. Kg1 fxg5 26. hxg5 h4 27. Rf3 Re4 28.
Ref1 Bg4 29. R3f2 Ree8 30. Be5 Qd7 31. e4 dxe4 32. Qc4+ Qe6 33. Qxe4 h3 34. Bh1
Bf5 35. Qd4 Qxa2 36. Kh2 Rf7 37. b4 Qe6 38. Rg1 Nf8 39. Be4 Nd7 40. Bxf5 Qxf5
41. Bd6 Re4 42. Qd2 Nf8 43. Re2 Rxe2+ 44. Qxe2 Ne6 45. Rg4 Rh7 46. Rg3 Rh4 47.
Re3 Kf7 48. Rg3 Rh8 49. Re3 Re8 50. Re4 Qd5 51. Re3 Qf5 52. Re4 Ra8 53. Re3 a5
54. Rxh3 axb4 55. Qb2 Rg8 56. Rh7+ Rg7 57. Rxg7+ Nxg7 58. Qxb4 Qc2+ 59. Kg1
Qd1+ 60. Kf2 Qc2+ 61. Kg1 Ke6 62. Qxb7 Qd1+ 63. Kf2 Qc2+ 64. Kg1 Qd1+ 65. Kf2
Qd2+ 66. Kf1 Qd3+ 67. Kf2 Qd4+ 68. Kf1 Qd3+ 69. Kf2 Nf5 70. Qxc6 Qd2+ 71. Kg1
Qe1+ 72. Kh2 Qg3+ 73. Kh1 Qh4+ 74. Kg1 Qg3+ 75. Qg2 Qe1+ 76. Qf1 Qe4 77. Qg2
Qe1+ 78. Qf1 Qg3+ 1/2-1/2

[Event "Vesterhavsturneringen 2004"]
[Site "Esbjerg"]
[Date "2004.07.06"]
[Round "5"]
[White "Svendsen, Mads O"]
[Black "Leimand, Peter Martin"]
[Result "0-1"]
[WhiteElo "1744"]
[BlackElo "2074"]
[PlyCount "38"]
[EventDate "2004.??.??"]
[EventType "swiss"]
[EventRounds "9"]
[EventCountry "DEN"]

1. e4 e6 2. d4 d5 3. exd5 exd5 4. c4 Nc6 5. Be3 Nf6 6. Nc3 Be6 7. c5 Bxc5 8.
dxc5 d4 9. Bxd4 Qxd4 10. Qxd4 Nxd4 11. Rc1 O-O-O 12. Be2 Rhe8 13. f3 Bc4 14.
Rd1 Nc2+ 15. Kf2 Rxd1 16. Bxd1 Nb4 17. Be2 Bxe2 18. Ngxe2 Nd3+ 19. Kg3 Re5 0-1

[Event "Vesterhavsturneringen 2004"]
[Site "Esbjerg"]
[Date "2004.07.07"]
[Round "6"]
[White "Andersen, Morten"]
[Black "Damm, Kasper Wilken"]
[Result "1-0"]
[WhiteElo "2111"]
[BlackElo "2241"]
[PlyCount "99"]
[EventDate "2004.??.??"]
[EventType "swiss"]
[EventRounds "9"]
[EventCountry "DEN"]

1. d4 Nf6 2. c4 c5 3. d5 g6 4. Nc3 Bg7 5. e4 d6 6. Bd3 O-O 7. h3 e6 8. Nf3 Na6
9. O-O Nc7 10. Be3 exd5 11. cxd5 b5 12. e5 Nfxd5 13. Nxd5 Nxd5 14. Bg5 Ne7 15.
exd6 Qxd6 16. Be4 Qxd1 17. Raxd1 f6 18. Bf4 Be6 19. Bxa8 Rxa8 20. Rfe1 Kf7 21.
b3 Nd5 22. Bd6 Nc3 23. Rd3 Rd8 24. Rxc3 Rxd6 25. Rxc5 Bd7 26. b4 Bf8 27. Rc7 a6
28. Ra7 g5 29. a3 h5 30. Nh2 Be7 31. Nf1 Bd8 32. Ne3 Bb6 33. Rxa6 Bc8 34. Ra8
Bb7 35. Rb8 Be4 36. Rd1 Rc6 37. Rb7+ Ke6 38. Rbd7 Bxe3 39. fxe3 Rc3 40. R7d6+
Ke5 41. Rb6 Bd3 42. Ra1 Rb3 43. Rb8 h4 44. Re8+ Kf5 45. e4+ Kf4 46. Re6 Kg3 47.
Re1 g4 48. Rxf6 gxh3 49. Rf3+ Kg4 50. Rxh3 1-0